000 01374cam a22003737a 4500
003 CHAP
005 20220329141550.0
008 971013s1952 r 00010 d
010 _a70228
011 _a71200
035 _a80754
040 _cCHAP
082 _a338.97281
_bA3
100 0 0 _aAdler, John H.
_9912
245 1 4 _aLas finanzas públicas y el desarrollo económico de Guatemala
260 _aMéxico, D.F. :
_bFondo de Cultura Económica,
_c1952
300 _a338 p.
590 _aBATCH-UPD
_b10
_c20130110
_lUCH01
_h0439
590 _aBATCH-UPD
_b10
_c20130110
_lUCH01
_h2311
590 _aBATCH-UPD
_b10
_c20130410
_lUCH01
_h0115
590 _aBATCH-UPD
_b10
_c20130410
_lUCH01
_h1602
590 _aBATCH-UPD
_b10
_c20130913
_lUCH01
_h1930
590 _aCONVERSION
_b10
_c20130109
_lUCH01
_h1339
650 1 4 _aFinanzas públicas
_xGuatemala.
_940965
650 1 4 _aGuatemala
_xCondiciones económicas.
_951024
700 0 _aOlson, Ernest C.
_983204
700 0 _aSchlesinger, Eugene Richard.
_9103031
901 _aBK
942 _cLIBRO
949 _a338.97281 A3
_bBC
_cLIBRO
_d-33685
_eLIBRO
_h6693
_i80754
_mD CICA
_si
949 _a338.97281 A3
_bBC
_cLIBRO
_d-33686
_eLIBRO
_fc.2
_h6694
_i80754
_mD CICA
_si
949 _a338.97281 A3
_bBC
_cLIBRO
_d-33687
_eLIBRO
_fc.3
_h6695
_i80754
_mD CICA
_si
949 _a338.97281 A3
_bBC
_cLIBRO
_d-33688
_eLIBRO
_fc.4
_h6696
_i80754
_mD CICA
_si
999 _c70228
_d70228